[Event "GER-chT North U16"]
[Site "Berlin"]
[Date "2012.09.09"]
[Round "7.3"]
[White "Viol, Joshua"]
[Black "Korzec, Alexander"]
[Result "0-1"]
[WhiteElo "1554"]
[BlackElo "1471"]
[PlyCount "70"]
[EventDate "2012.09.06"]
[EventType "team-swiss"]
[EventRounds "7"]
[EventCountry "GER"]
[SourceTitle "EXT 2015"]
[Source "ChessBase"]
[SourceDate "2014.11.20"]
[SourceVersion "1"]
[SourceVersionDate "2014.11.20"]
[SourceQuality "1"]
[WhiteTeam "Hamburg Koenigsspringer"]
[BlackTeam "Berlin Empor"]
[WhiteTeamCountry "GER"]
[BlackTeamCountry "GER"]

1. a3 e5 2. f4 exf4 3. Kf2 Qh4+ 4. g3 fxg3+ 5. Kg2 d5 6. hxg3 Qg4 7. Rh4 Qe6 8. Nc3 Be7 9. Rd4 Nf6 10. d3 c5 11. Rh4 d4 12. Ne4 Qc6 13. Nf3 Nxe4 14. Rxe4 f5 15. Re5 Be6 16. b4 a6 17. bxc5 Nd7 18. Rxe6 Qxe6 19. Nxd4 Qd5+ 20. Nf3 0-0 21. c4 Qxc5 22. Bb2 Bf6 23. d4 Qe7 24. Qb3 Rab8 25. Rc1 Kh8 26. c5 Qf7 27. Qxf7 Rxf7 28. Rc4 Rc8 29. Bc1 Nb6 30. Rb4 Nd5 31. Rb1 Rfc7 32. Bg5 Bxg5 33. Nxg5 Ne3+ 34. Kf3 Re8 35. Bh3 h6 0-1